000 01138cam a2200301 a 4500
001 13801583
003 OSt
005 20240106124342.0
008 041129s2005 maua b 001 0 eng
010 _a 2004559377
020 _a978-0072823974
020 _a 0072823976
040 _aDLC
_cDLC
_dDLC
050 0 0 _aQR63
_b.B45 2005
082 0 0 _aQW 4 B812b 2005
100 1 _aBenson, Harold J.; Brown, Alfred E.
_98981
245 1 0 _aBenson's Microbiological Applications:
_blaboratory manual in general microbiology
250 _a9th ed.
260 _aBoston:
_bMcGraw-Hill Higher Education,
_c2005.
300 _axiv, 510 p. :
_bcol.ill ;
_c28 cm.
504 _aIncludes bibliographical references (p. 499-500) and index.
650 0 _aMicrobiology
_98982
856 4 2 _3Publisher description
_uhttp://www.loc.gov/catdir/description/mh051/2004559167.html
856 4 1 _3Table of contents only
_uhttp://www.loc.gov/catdir/enhancements/fy0621/2004559377-t.html
906 _a7
_bcbc
_corigcop
_d2
_encip
_f20
_gy-gencatlg
942 _2ddc
_cO_SHELF
999 _c4166
_d4166